000 00314nam a22001337a 4500
008 171005b xxu||||| |||| 00| 0 eng d
020 _a9780070272361
041 _aeng
080 _29 ED
_a159.9
100 _a48
101 _aPSI
245 _aLABORATORY GUIDE HUMAN PSYSIOLOGY
_cFOX.S.I
942 _2udc
_cBK
999 _c31854
_d31854